Chansons - films - Le Roi Lion - Statistiques

Statistiques générales
  • Ce quiz a été pris 114 fois
  • Le résultat moyen est 6 sur 11
Statistiques - réponses
Réponse % Correct
Hakuna Matata
93%
L'Amour Brille Sous les Étoiles
93%
L'histoire de la Vie
91%
Je Voudrais Déjà Être Roi
88%
Soyez Prêtes
68%
Nous Sommes Un
43%
Á Upendi
38%
Il Vit En Toi
32%
L'Un Des Nôtres
24%
Mon Chant D'Espoir
22%
L'Amour Nous Guidera
20%
Aucun quiz correspondant
Distribution des résultats
% des personnes avec chaque résultat
Percentile par nombre de réponses
Votre historique - résultats
Vous n’avez pas pris ce quiz